000 00475nam a2200181Ia 4500
001 7906
005 20260306160530.0
008 260306t2014||||xx |||||||||||||| ||spa||
041 _aESP
082 _a363.73
_bM61
100 _aMinisterio del Ambiente Perú
_eAUT
245 0 _aRegistro de emisiones y transferencia de contaminantes:
_bRETC Perú
260 _c2014
300 _aVarias páginas :
_c26 cm.
650 _aGEN
654 _aCIA
942 _cLIB
_dJUS
_fJUS
_2ddc
_n
999 _c7906
_d7906